Bienvenue au Catalogue en Ligne des Bibliothèques de l'Universite du Burundi

Extrait ethere ,chloroformique,methanolique et aquex des feuiles des Bidens pilosat et essai de leurs effets sur certaines souches bacteriennets reconnues pathogenes pour hommes (vibriocholerae ,escherichia coli,proteur mirabilis ,staphyiococus saprophuticus, shigelasp.) (Record no. 53484)

000 -GUIDE
Champ de contrôle de longueur fixe 01006nam a22002177a 4500
003 - IDENTITÉ DU NUMÉRO DE CONTRÔLE
Champ de contrôle BI-BuBU
008 - ÉLÉMENTS DE LONGUEUR FIXE - RENSEIGNEMENTS GÉNÉRAUX
Champ de contrôle de longueur fixe 260227b ||||| |||| 00| 0 fre d
037 ## - SOURCE D'ACQUISITION
Numéro d'inventaire 208741
Source d'acquisition et du numéro d'inventaire Don
039 ## - NIVEAU DE CONTRÔLE BIBLIOGRAPHIQUE ET HISTORIQUE D'ENCODAGE [OBSOLETE]
Date creation 20260227083805.0
Nom catalographe IRANKUNDA Anivella
040 ## - SOURCE DU CATALOGAGE
Organisme qui a effectué le catalogage original BI-BuBU
Organisme qui a effectué la transcription UB
Organisme qui a effectué la modification BI-BuBU
080 ## - INDICE DE LA CLASSIFICATION DÉCIMALE UNIVERSELLE (CDU)
Indice de la Classification décimale universelle CDU
Numéro de document 582.9.BUC.
100 1# - VEDETTE PRINCIPALE - NOM DE PERSONNE
Code de relation aut.
Nom de personne BUCUMI Léonidas
245 10 - MENTION DU TITRE
Titre Extrait ethere ,chloroformique,methanolique et aquex des feuiles des Bidens pilosat et essai de leurs effets sur certaines souches bacteriennets reconnues pathogenes pour hommes (vibriocholerae ,escherichia coli,proteur mirabilis ,staphyiococus saprophuticus, shigelasp.)
Mention de responsabilité, etc. Bucumi leonidas
260 ## - PUBLICATION, DIFFUSION, ETC. (ADRESSE BIBLIOGRAPHIQUE)
Lieu de publication, diffusion, etc. Bujumbura
Nom de l'éditeur, diffuseur, etc. Université du Burundi ,faculte des sciences
Date of publication, distribution, etc 2010
300 ## - DESCRIPTION MATÉRIELLE
Collation VII-45f.
Dimensions 29cm.
502 ## - NOTE DE THÈSE OU MÉMOIRE
Liaison memoire
Note de thèse Memoire presenté et defendu publiquement en vue de l obtention du grade de licencié en sciences chimiques
520 ## - RÉSUMÉ, ETC.
Résumé, etc. Résume
650 ## - VEDETTE-MATIÈRE - NOM COMMUN
Source du terme BIDENS PILOSA BACTERIE. PATHOGENE POUR L HOMME
655 ## - TERME D'INDEXATION - GENRE OU FORME
Source du terme BI-BuBU
942 ## - ÉLÉMENTS D'ENTRÉE ADDITIONNELLE (KOHA)
Source de la classification ou du système de rangement
Type d item koha Memoire

No items available.

© 2019-2026 - Bibliothèques de l'Université du Burundi |Tous droits réservés
home | Pour toute information urgente Contactez nous | tel whatsupp: +25779204313